| 000 | 00887nam a22001577a 4500 | ||
|---|---|---|---|
| 008 | 110919t1999 xxu||||g |||| 000 0 ara d | ||
| 082 |
_222 _a691.02 _bص لا ب |
||
| 100 |
_927256 _aالصلابى،على محمد محمد |
||
| 245 |
_aالحركة السنوسية فى ليبيا : _bالإمام محمد بن على السنوسى و منهجة فى التأسيس(التعليمى و الحركى و التربوى و الدعوى و السياسى ) |
||
| 260 |
_aعمان: _bدار البيارق،1999. _c1999. |
||
| 300 |
_aمج1؛ _c24سم. |
||
| 490 |
_927257 _aصفحات من التاريخ الاسلامى فى الشمال الأفريقى، _n7 |
||
| 650 |
_927250 _aليبيا _yتاريخ-العصر الحديث |
||
| 942 |
_2ddc _cBB |
||
| 999 |
_c16054 _d16054 |
||